Państwa Według Podpowiedzi #2 - Statystyki

Ogólne statystyki
  • Ten quiz został rozwiązany 28 razy
  • Średni wynik to 4 z 7
Statystyki odpowiedzi
Podpowiedż Państwo/Część Państwa % Poprawnych
Z Tamtąd Pochodzi Legenda O Wampirze O Imieniu Dracula Rumunia
88%
Największa Część Zjednoczonego Królestwa Anglia
83%
To Państwo Zaatakowało Polskę Podczas II Wojny Światowej 17 Wrzesnia Rosja
83%
Przez To Państwo Dostaliśmy Się Na MŚ 2022 Szwecja
63%
Jako Jeden Z Niewielu Państw Kraj Ma Kolor Fioletowy Na Fladze Dominika
46%
Cieśnina Otranto Oddzielo Włochy Od Tego Państwa Albania
33%
To Państwo Ma Granice O Długości 1740Km Słowacja
8%
Nie znaleziono quizów pasujących do podanych kryteriów
Rozkład punktacji
Procent ludzi z każdym wynikiem
Percentyl według liczby udzielonych odpowiedzi
Twoja historia wyników
Nie rozwiązałeś tego quizu